[Event "2. Bundesliga West 2009/20010"]
[Site "Salzburg"]
[Date "2010.03.13"]
[Round "10"]
[Board "4"]
[White "Scheiblmaier, Robert"]
[Black "Sandholzer, Robert"]
[Result "1-0"]
[WhiteElo "2095"]
[BlackElo "2104"]
[PlyCount "109"]
[EventDate "2009.10.23"]
[EventType "team"]
[EventRounds "11"]
[EventCountry "AUT"]
[WhiteTeam "ASK Salzburg"]
[BlackTeam "Hohenems II"]

1.d4 d5 2.c4 c6 3.cxd5 cxd5 4.Nc3 Nf6 5.Nf3 Nc6 6.Bf4 g6 7.h3 Bg7 8.e3 O-O 9.Be2
Qa5 10.O-O Bf5 11.Qb3 Qb4 12.Qxb4 Nxb4 13.a3 Nc6 14.Rfc1 Rac8 15.b4 Rfd8 16.g4
Bd7 17.Ne5 Be8 18.f3 e6 19.Kf2 Nd7 20.Nxc6 Rxc6 21.Nb5 Rdc8 22.Rxc6 Rxc6 23.Nxa7
Rc2 24.Ke1 Nb6 25.Bd3 Rc3 26.Kd2 Na4 27.Rc1 Rxc1 28.Kxc1 f6 29.Bc7 e5 30.dxe5
fxe5 31.Kc2 d4 32.exd4 exd4 33.Bb5 Bxb5 34.Nxb5 Kf7 35.Nd6+ Ke6 36.Nxb7 Kd5
37.Na5 Nc3 38.Nb3 Ne2 39.Bh2 Nc3 40.Kd3 Nd1 41.Ke2 Nc3+ 42.Kd3 Nd1 43.Nc5 Bh6
44.Bg1 Nb2+ 45.Kc2 Nc4 46.a4 Ne5 47.Bh2 Nxf3 48.Bc7 Bf8 49.Nd3 Kc4 50.b5 Kd5
51.a5 Ng5 52.a6 Ne6 53.b6 Kc6 54.Ne5+ Kb5 55.a7

[Event "2. Bundesliga West 2009/20010"]
[Site "Salzburg"]
[Date "2010.03.14"]
[Round "11"]
[Board "1"]
[White "Menacher, Manfred"]
[Black "Blaskowski, Johannes"]
[Result "1-0"]
[WhiteElo "2274"]
[BlackElo "2332"]
[PlyCount "85"]
[EventDate "2009.10.23"]
[EventType "team"]
[EventRounds "11"]
[EventCountry "AUT"]
[WhiteTeam "ATSV Ranshofen"]
[BlackTeam "Hypo Kufstein"]

1.c4 Nf6 2.g3 g6 3.Bg2 Bg7 4.Nc3 d6 5.e4 O-O 6.Nge2 e5 7.d3 c6 8.O-O Nbd7 9.h3
Nc5 10.b4 Ne6 11.Be3 Nh5 12.Rb1 f5 13.exf5 gxf5 14.f4 Nxg3 15.Nxg3 exf4 16.Bxf4
Bxc3 17.Qh5 Ng7 18.Qh6 Be6 19.b5 Qd7 20.Kh1 Rf6 21.Qh4 Rg6 22.Ne2 Bf6 23.Qf2 d5
24.bxc6 bxc6 25.c5 Nh5 26.Rb4 d4 27.Bf3 Bd5 28.Rfb1 Bh4 29.Qf1 Qe6 30.Nxd4 Rg3
31.Nxe6 Rxf3 32.Qxf3 Bxf3+ 33.Kh2 Bf6 34.Rb8+ Rxb8 35.Rxb8+ Kf7 36.Ng5+ Bxg5
37.Bxg5 Bd5 38.a4 f4 39.Ra8 Kg6 40.Bh4 f3 41.Rxa7 Nf4 42.Rd7 Kf5 43.a5

[Event "2. Bundesliga West 2009/20010"]
[Site "Salzburg"]
[Date "2010.03.14"]
[Round "11"]
[Board "2"]
[White "Neuschmied, Siegfried"]
[Black "Dovzik, Juri"]
[Result "1/2-1/2"]
[WhiteElo "2282"]
[BlackElo "2365"]
[PlyCount "72"]
[EventDate "2009.10.23"]
[EventType "team"]
[EventRounds "11"]
[EventCountry "AUT"]
[WhiteTeam "Hypo Kufstein"]
[BlackTeam "ATSV Ranshofen"]

1.e4 c5 2.c3 d5 3.exd5 Qxd5 4.d4 Nf6 5.Nf3 e6 6.Bd3 Nc6 7.O-O cxd4 8.cxd4 Be7
9.Nc3 Qd6 10.a3 O-O 11.h3 b6 12.Be3 Bb7 13.Qe2 Rac8 14.Rad1 Rfe8 15.Bb1 Rcd8
16.Ba2 Qb8 17.Rfe1 h6 18.Qf1 Bf8 19.d5 exd5 20.Nxd5 Nxd5 21.Bxd5 Na5 22.Qb5 Rxd5
23.Rxd5 a6 24.Qd3 Bxd5 25.Qxd5 b5 26.Bd4 Rxe1+ 27.Nxe1 Qd6 28.Qe4 Qc6 29.Qc2
Qxc2 30.Nxc2 Nc4 31.Kf1 f6 32.Ke2 Kf7 33.Kd3 Ke6 34.a4 Bd6 35.axb5 axb5 36.Bc3
Kd5

[Event "2. Bundesliga West 2009/20010"]
[Site "Salzburg"]
[Date "2010.03.14"]
[Round "11"]
[Board "3"]
[White "Ager, Josef"]
[Black "Maurer, Jochen"]
[Result "1/2-1/2"]
[WhiteElo "2214"]
[BlackElo "2212"]
[PlyCount "90"]
[EventDate "2009.10.23"]
[EventType "team"]
[EventRounds "11"]
[EventCountry "AUT"]
[WhiteTeam "ATSV Ranshofen"]
[BlackTeam "Hypo Kufstein"]

1.g3 Nf6 2.Bg2 g6 3.f4 Bg7 4.Nf3 O-O 5.d3 d5 6.O-O c6 7.c3 Nbd7 8.Na3 Re8 9.d4
Ne4 10.Nc2 Ndf6 11.Nce1 Nd6 12.Nd3 Nfe4 13.a4 a5 14.Ng5 Bf5 15.Nxe4 Bxe4 16.Bxe4
dxe4 17.Ne1 Qb6 18.Ng2 Rad8 19.Qc2 c5 20.dxc5 Qxc5+ 21.Be3 Qc6 22.Rfd1 e5
23.fxe5 Bxe5 24.Rac1 Nf5 25.Bf2 h5 26.Rxd8 Rxd8 27.Rd1 Rxd1+ 28.Qxd1 Bc7 29.Ne3
Nxe3 30.Bxe3 h4 31.Kg2 Bb6 32.Bxb6 e3+ 33.Kh3 Qxb6 34.Qd4 Qe6+ 35.Kg2 h3+ 36.Kf3
f5 37.c4 g5 38.Qd5 Kf7 39.Qxe6+ Kxe6 40.Kxe3 Ke5 41.Kd3 b6 42.e3 Ke6 43.Kd4 Kd6
44.b3 g4 45.Kc3 Kc5

[Event "2. Bundesliga West 2009/20010"]
[Site "Salzburg"]
[Date "2010.03.14"]
[Round "11"]
[Board "4"]
[White "Rusche, Johannes"]
[Black "Sadilek, Peter"]
[Result "0-1"]
[WhiteElo "2170"]
[BlackElo "2198"]
[PlyCount "98"]
[EventDate "2009.10.23"]
[EventType "team"]
[EventRounds "11"]
[EventCountry "AUT"]
[WhiteTeam "Hypo Kufstein"]
[BlackTeam "ATSV Ranshofen"]

1.e4 Nc6 2.Nf3 f5 3.exf5 d5 4.Bb5 Bxf5 5.Nd4 Bd7 6.Bxc6 bxc6 7.Qe2 c5 8.Ne6 Bxe6
9.Qxe6 Qd6 10.Qxd6 cxd6 11.b3 Nf6 12.O-O Kd7 13.Bb2 e5 14.d3 d4 15.Nd2 Nd5
16.Nc4 Nb4 17.a3 Nd5 18.Rae1 Be7 19.Bc1 Bf6 20.f4 exf4 21.Bxf4 Nxf4 22.Rxf4 Rhe8
23.Rfe4 Rxe4 24.dxe4 Re8 25.Kf1 Ke6 26.Ke2 Be5 27.Rf1 Bxh2 28.Rh1 Bf4 29.Kf3 Rf8
30.Kg4 Bh6 31.Kg3 Rf6 32.Rh5 Rg6+ 33.Kf3 Rf6+ 34.Kg3 Rf1 35.Rd5 Bf4+ 36.Kg4 g5
37.b4 cxb4 38.axb4 Rf2 39.g3 Rg2 40.Rxd4 Rxg3+ 41.Kh5 Rh3+ 42.Kg4 Rh1 43.b5 h5+
44.Kf3 Rh3+ 45.Ke2 Rc3 46.Kd1 h4 47.Ke2 h3 48.Na5 Re3+ 49.Kf2 g4

[Event "2. Bundesliga West 2009/20010"]
[Site "Salzburg"]
[Date "2010.03.14"]
[Round "11"]
[Board "5"]
[White "Hackbarth, Wolfgang"]
[Black "Englert, Jan"]
[Result "0-1"]
[WhiteElo "2123"]
[BlackElo "2146"]
[PlyCount "72"]
[EventDate "2009.10.23"]
[EventType "team"]
[EventRounds "11"]
[EventCountry "AUT"]
[WhiteTeam "ATSV Ranshofen"]
[BlackTeam "Hypo Kufstein"]

1.c4 d6 2.d4 e5 3.dxe5 dxe5 4.Qxd8+ Kxd8 5.Nc3 c6 6.f4 Be6 7.e4 exf4 8.Bxf4 Nd7
9.O-O-O Ne7 10.Nf3 Ng6 11.Bg3 Bc5 12.Be2 Be3+ 13.Kc2 Bf4 14.Nd4 Bxg3 15.hxg3
Nge5 16.Rh5 Ke7 17.Nf5+ Bxf5 18.exf5 Nf6 19.Rh4 Rad8 20.Re1 Rhe8 21.Ne4 Nxe4
22.Rxe4 f6 23.Rh1 h6 24.Rhh4 Rd7 25.Rd4 Rxd4 26.Rxd4 c5 27.Rd5 b6 28.b3 Nc6
29.Bh5 Nb4+ 30.Kb2 Nxd5 31.Bxe8 Kxe8 32.cxd5 Kd7 33.Kc3 Kd6 34.Kc4 a6 35.a4 h5
36.g4 h4

[Event "2. Bundesliga West 2009/20010"]
[Site "Salzburg"]
[Date "2010.03.14"]
[Round "11"]
[Board "6"]
[White "Kranewitter, Norbert"]
[Black "Riediger, Martin"]
[Result "1/2-1/2"]
[WhiteElo "2076"]
[BlackElo "2259"]
[PlyCount "32"]
[EventDate "2009.10.23"]
[EventType "team"]
[EventRounds "11"]
[EventCountry "AUT"]
[WhiteTeam "Hypo Kufstein"]
[BlackTeam "ATSV Ranshofen"]

1.Nf3 f5 2.d4 Nf6 3.c4 g6 4.b4 Bg7 5.Bb2 O-O 6.g3 d6 7.Bg2 e5 8.dxe5 Nfd7 9.O-O
Nc6 10.Qb3 Ndxe5 11.Nc3 Nxf3+ 12.Bxf3 Nd4 13.Qd1 Nc6 14.Qb3 Nd4 15.Qd1 Nc6
16.Qb3 Nd4

[Event "2. Bundesliga West 2009/20010"]
[Site "Salzburg"]
[Date "2010.03.14"]
[Round "11"]
[Board "1"]
[White "Krstic, Uros"]
[Black "Deglmann, Ludwig"]
[Result "1/2-1/2"]
[WhiteElo "2377"]
[BlackElo "2329"]
[PlyCount "68"]
[EventDate "2009.10.23"]
[EventType "team"]
[EventRounds "11"]
[EventCountry "AUT"]
[WhiteTeam "Sparkasse Schwarzach"]
[BlackTeam "Sparkasse Jenbach II"]

1.e4 c5 2.Nf3 Nc6 3.d4 cxd4 4.Nxd4 g6 5.c4 Nf6 6.Nc3 Nxd4 7.Qxd4 d6 8.Bg5 Bg7
9.Qd2 O-O 10.Be2 a5 11.O-O a4 12.Rab1 Bd7 13.c5 Bc6 14.cxd6 Qxd6 15.Qxd6 exd6
16.f3 d5 17.e5 Nd7 18.f4 f6 19.exf6 Nxf6 20.Rfd1 a3 21.bxa3 Rxa3 22.Bxf6 Rxf6
23.Nxd5 Bxd5 24.Rxd5 Rxf4 25.Rd8+ Bf8 26.g3 Re4 27.Bd3 Re7 28.Rf1 Kg7 29.Bc4 Rc7
30.Bb3 Bc5+ 31.Kg2 h5 32.Re1 Ra6 33.g4 hxg4 34.Re4 Rd6

[Event "2. Bundesliga West 2009/20010"]
[Site "Salzburg"]
[Date "2010.03.14"]
[Round "11"]
[Board "2"]
[White "Micheli, Carlo"]
[Black "Danner, Georg"]
[Result "0-1"]
[WhiteElo "2293"]
[BlackElo "2450"]
[PlyCount "132"]
[EventDate "2009.10.23"]
[EventType "team"]
[EventRounds "11"]
[EventCountry "AUT"]
[WhiteTeam "Sparkasse Jenbach II"]
[BlackTeam "Sparkasse Schwarzach"]

1.c4 g6 2.g3 Bg7 3.Bg2 c5 4.Nc3 Nc6 5.d3 Rb8 6.Nf3 a6 7.Bd2 b5 8.Rb1 d6 9.b3 b4
10.Nd5 e6 11.Ne3 Nge7 12.Qc1 Bd7 13.h4 h6 14.Nc2 e5 15.e4 f5 16.Ne3 fxe4 17.dxe4
Nd4 18.Qd1 O-O 19.h5 g5 20.g4 Bc6 21.Nh2 Qd7 22.Nhf1 a5 23.Ng3 a4 24.Nd5 Rf7
25.Be3 Qc8 26.O-O Nxd5 27.exd5 Bd7 28.f3 Ra8 29.Ne4 Qf8 30.Rf2 axb3 31.axb3 Ra3
32.Bc1 Ra6 33.Qd3 Be8 34.Kh2 Rfa7 35.Bf1 Kh8 36.Kg2 Bf7 37.Qd1 Bg8 38.Bd3 Rf7
39.Ng3 Bf6 40.Be4 Rfa7 41.Qd3 Qa8 42.Be3 Bg7 43.Bg6 Bf8 44.Rbb2 Ra1 45.Bxd4 cxd4
46.Qd2 Qb8 47.Re2 Bg7 48.Nf5 Qb6 49.Qd3 Rc1 50.Rbc2 Rxc2 51.Rxc2 Ra1 52.Ne7 Qd8
53.Nxg8 Kxg8 54.c5 dxc5 55.Rxc5 Ra2+ 56.Kh3 Qf8 57.d6 Qf4 58.Rc8+ Bf8 59.Bf7+
Qxf7 60.Qc4 Ra7 61.Rc7 Qxc4 62.bxc4 Ra8 63.c5 Rd8 64.Kg3 Bxd6 65.cxd6 Rxd6
66.Kf2 Rb6

[Event "2. Bundesliga West 2009/20010"]
[Site "Salzburg"]
[Date "2010.03.14"]
[Round "11"]
[Board "3"]
[White "Hecht, Hans-Joachim"]
[Black "Kleissl, Helmut"]
[Result "1/2-1/2"]
[WhiteElo "2381"]
[BlackElo "2271"]
[PlyCount "83"]
[EventDate "2009.10.23"]
[EventType "team"]
[EventRounds "11"]
[EventCountry "AUT"]
[WhiteTeam "Sparkasse Schwarzach"]
[BlackTeam "Sparkasse Jenbach II"]

1.d4 d6 2.e4 Nf6 3.Nc3 Nbd7 4.Nf3 e5 5.Bc4 Be7 6.O-O O-O 7.Qe2 exd4 8.Nxd4 Ne5
9.Bb3 c5 10.Nf5 Bxf5 11.exf5 Qd7 12.f4 Nc6 13.g4 d5 14.g5 c4 15.gxf6 Bxf6 16.Ba4
Qxf5 17.Qg2 Ne7 18.Ne2 b5 19.Bxb5 Rfb8 20.Ng3 Qe6 21.f5 Qb6+ 22.Kh1 Qxb5 23.Nh5
Qc6 24.Bh6 d4 25.Qxc6 Nxc6 26.Nxf6+ Kh8 27.b3 gxh6 28.bxc4 Rb2 29.Rae1 Rxc2
30.Rg1 d3 31.Ne8 Re2 32.Nd6 Rf8 33.f6 h5 34.Rxe2 dxe2 35.Re1 Nd4 36.Nb5 Nxb5
37.cxb5 Re8 38.Kg2 Re6 39.Kf3 Rxf6+ 40.Kxe2 Rf4 41.Rf1 Ra4 42.Rh1

[Event "2. Bundesliga West 2009/20010"]
[Site "Salzburg"]
[Date "2010.03.14"]
[Round "11"]
[Board "4"]
[White "Meier, Alexander"]
[Black "Hrvacic, Pavle"]
[Result "1/2-1/2"]
[WhiteElo "2146"]
[BlackElo "2304"]
[PlyCount "82"]
[EventDate "2009.10.23"]
[EventType "team"]
[EventRounds "11"]
[EventCountry "AUT"]
[WhiteTeam "Sparkasse Jenbach II"]
[BlackTeam "Sparkasse Schwarzach"]

1.e4 e5 2.Nf3 Nc6 3.Bc4 Nf6 4.d3 Be7 5.c3 O-O 6.Bg5 d6 7.Nbd2 h6 8.Bxf6 Bxf6
9.O-O Ne7 10.Re1 Ng6 11.Nf1 c6 12.Ne3 Nf4 13.d4 Qc7 14.dxe5 dxe5 15.Qc2 g6 16.a4
Kh8 17.b4 Qe7 18.Rad1 Be6 19.Rd2 Rad8 20.Red1 Kg7 21.Bf1 Qc7 22.c4 Rxd2 23.Rxd2
Be7 24.Qc3 f6 25.c5 b6 26.cxb6 Qxb6 27.Rb2 Rb8 28.a5 Qb7 29.a6 Qc8 30.h4 Bd7
31.Nc4 Qf8 32.Qe3 Ra8 33.Qd2 Be8 34.Na5 Rb8 35.Nb7 Qf7 36.Qe3 Ra8 37.Qc3 Qe6
38.Rd2 g5 39.hxg5 hxg5 40.Nh2 Bf7 41.Na5 Be8

[Event "2. Bundesliga West 2009/20010"]
[Site "Salzburg"]
[Date "2010.03.14"]
[Round "11"]
[Board "5"]
[White "Ljubic, Juro"]
[Black "Schnegg, Daniel"]
[Result "1-0"]
[WhiteElo "2237"]
[BlackElo "2092"]
[PlyCount "54"]
[EventDate "2009.10.23"]
[EventType "team"]
[EventRounds "11"]
[EventCountry "AUT"]
[WhiteTeam "Sparkasse Schwarzach"]
[BlackTeam "Sparkasse Jenbach II"]

1.e4 c5 2.Ne2 g6 3.g3 Bg7 4.Bg2 Nc6 5.c3 d6 6.d4 cxd4 7.cxd4 Qb6 8.d5 Bxb2
9.Bxb2 Qxb2 10.Nbc3 Ne5 11.Rb1 Qa3 12.f4 Nd7 13.Qd4 Ngf6 14.e5 dxe5 15.fxe5 Nh5
16.e6 Ndf6 17.exf7+ Kxf7 18.O-O Rd8 19.g4 Ng7 20.Rb3 Qa6 21.Nb5 Bd7 22.a4 Kg8
23.h3 Be8 24.Nc7 Qxe2 25.Nxa8 Rxa8 26.Re3 Qa6 27.Rxe7 Bd7

[Event "2. Bundesliga West 2009/20010"]
[Site "Salzburg"]
[Date "2010.03.14"]
[Round "11"]
[Board "1"]
[White "Schmidlechner, Alexander"]
[Black "Dizdar, Goran"]
[Result "0-1"]
[WhiteElo "2190"]
[BlackElo "2563"]
[PlyCount "92"]
[EventDate "2009.10.23"]
[EventType "team"]
[EventRounds "11"]
[EventCountry "AUT"]
[WhiteTeam "Goetzis"]
[BlackTeam "SC Absam"]

1.d4 Nf6 2.c4 e6 3.Nf3 Bb4+ 4.Bd2 c5 5.Bxb4 cxb4 6.e3 O-O 7.Bd3 d6 8.a3 Nc6
9.O-O e5 10.Be2 bxa3 11.Rxa3 Bg4 12.Nxe5 dxe5 13.Bxg4 exd4 14.exd4 Qxd4 15.Qxd4
Nxd4 16.Rd3 Nc6 17.Bh3 Rfd8 18.Rfd1 Kf8 19.Kf1 Rxd3 20.Rxd3 Ne4 21.Rd5 b6 22.g3
Nc5 23.Bg2 Rc8 24.Na3 Nb4 25.Rd1 a6 26.Rd6 Rb8 27.Ke2 Ke7 28.Rd2 Rd8 29.Nc2 Nxc2
30.Rxc2 a5 31.Rc3 Rd4 32.Bd5 f5 33.Re3+ Kd6 34.Bg8 h6 35.f3 f4 36.Re8 Na4 37.Bd5
Nxb2 38.Re6+ Kc5 39.Rc6+ Kb4 40.Rxb6+ Kc3 41.gxf4 a4 42.f5 Rd2+ 43.Ke3 Rxd5
44.Rxb2 Rd3+ 45.Ke2 Kxb2 46.Kxd3 a3

[Event "2. Bundesliga West 2009/20010"]
[Site "Salzburg"]
[Date "2010.03.14"]
[Round "11"]
[Board "2"]
[White "Schmittdiel, Eckhard"]
[Black "Scheffknecht, Philipp"]
[Result "1-0"]
[WhiteElo "2471"]
[BlackElo "2163"]
[PlyCount "49"]
[EventDate "2009.10.23"]
[EventType "team"]
[EventRounds "11"]
[EventCountry "AUT"]
[WhiteTeam "SC Absam"]
[BlackTeam "Goetzis"]

1.e4 c5 2.c3 d5 3.exd5 Qxd5 4.d4 Nc6 5.Nf3 Bg4 6.Be2 cxd4 7.cxd4 e6 8.O-O Nf6
9.h3 Bh5 10.Nc3 Qd6 11.g3 Be7 12.Bf4 Qd8 13.Qb3 Qb6 14.Qxb6 axb6 15.Rfd1 Nd5
16.Nxd5 exd5 17.g4 Bg6 18.Ne5 Bc2 19.Rd2 Bb3 20.Re1 Nxe5 21.Bb5+ Kf8 22.Rxe5 Bb4
23.Rde2 g5 24.Bxg5 Bxa2 25.Bh6+

[Event "2. Bundesliga West 2009/20010"]
[Site "Salzburg"]
[Date "2010.03.14"]
[Round "11"]
[Board "3"]
[White "Engelhart, Achim"]
[Black "Wegerle, Joerg"]
[Result "0-1"]
[WhiteElo "2181"]
[BlackElo "2430"]
[PlyCount "92"]
[EventDate "2009.10.23"]
[EventType "team"]
[EventRounds "11"]
[EventCountry "AUT"]
[WhiteTeam "Goetzis"]
[BlackTeam "SC Absam"]

1.e4 c5 2.Nf3 e6 3.d4 cxd4 4.Nxd4 a6 5.Bd3 Qc7 6.O-O Nf6 7.c4 Nc6 8.Nxc6 dxc6
9.Nc3 e5 10.f4 Bc5+ 11.Kh1 Bg4 12.Qe1 Rd8 13.Bc2 Be6 14.b3 exf4 15.Bxf4 Qa5
16.Nd5 Qxe1 17.Nxf6+ gxf6 18.Raxe1 Bd4 19.e5 Bc3 20.Re3 Bd2 21.Re2 Bxf4 22.Rxf4
fxe5 23.Rff2 Ke7 24.Rxe5 Rd4 25.h3 h6 26.Kh2 Rhd8 27.Kg3 Rd2 28.Ree2 Rxe2
29.Rxe2 Rd4 30.Kf2 Kd6 31.Ke3 Ke5 32.Kf3+ Kd6 33.Ke3 c5 34.Rf2 Ke5 35.Re2 b5
36.cxb5 axb5 37.Kf3+ Kd6 38.Be4 f5 39.Bb7 c4 40.bxc4 bxc4 41.Kf2 Bd7 42.Rc2 Kc5
43.Ke3 f4+ 44.Ke2 Bf5 45.Rc1 Kb4 46.Ba6 c3

[Event "2. Bundesliga West 2009/20010"]
[Site "Salzburg"]
[Date "2010.03.14"]
[Round "11"]
[Board "4"]
[White "Duer, Werner"]
[Black "Laske, Erich"]
[Result "1-0"]
[WhiteElo "2250"]
[BlackElo "2076"]
[PlyCount "59"]
[EventDate "2009.10.23"]
[EventType "team"]
[EventRounds "11"]
[EventCountry "AUT"]
[WhiteTeam "SC Absam"]
[BlackTeam "Goetzis"]

1.d4 Nf6 2.Nf3 c5 3.e3 e6 4.c4 b6 5.Bd3 Bb7 6.O-O Nc6 7.Nc3 Bd6 8.b3 a6 9.Bb2
Qc7 10.dxc5 bxc5 11.Qd2 Ng4 12.h3 Bh2+ 13.Kh1 Nce5 14.Nxe5 Nxe5 15.Be4 d5
16.cxd5 Rd8 17.f4 f5 18.Kxh2 fxe4 19.fxe5 Qxe5+ 20.Rf4 g5 21.Nxe4 Qb8 22.Nxg5
Rxd5 23.Qc3 e5 24.Ne4 Ke7 25.Rf2 Rg8 26.Raf1 Rg7 27.Ba3 Qg8 28.Bxc5+ Ke6 29.Bf8
Rg6 30.Qc7

[Event "2. Bundesliga West 2009/20010"]
[Site "Salzburg"]
[Date "2010.03.14"]
[Round "11"]
[Board "5"]
[White "Huber, Silvan"]
[Black "Embacher, Gregor"]
[Result "0-1"]
[WhiteElo "2120"]
[BlackElo "2149"]
[PlyCount "48"]
[EventDate "2009.10.23"]
[EventType "team"]
[EventRounds "11"]
[EventCountry "AUT"]
[WhiteTeam "Goetzis"]
[BlackTeam "SC Absam"]

1.e4 Nf6 2.e5 Nd5 3.d4 d6 4.c4 Nb6 5.exd6 exd6 6.Bd3 Nc6 7.Ne2 Be7 8.Nbc3 O-O
9.O-O Nb4 10.Bb1 c6 11.a3 Na6 12.Qd3 g6 13.Ng3 d5 14.c5 Nd7 15.Bh6 Re8 16.Nf5
Bf6 17.Ng3 Nc7 18.f4 b6 19.Nh5 Ba6 20.Nxf6+ Qxf6 21.Qh3 Qxd4+ 22.Kh1 Bxf1
23.Qxd7 Qf2 24.Qg4 Bxg2+

[Event "2. Bundesliga West 2009/20010"]
[Site "Salzburg"]
[Date "2010.03.14"]
[Round "11"]
[Board "6"]
[White "Natter, Siegfried"]
[Black "Kranz, Armin"]
[Result "1/2-1/2"]
[WhiteElo "2262"]
[BlackElo "2111"]
[PlyCount "85"]
[EventDate "2009.10.23"]
[EventType "team"]
[EventRounds "11"]
[EventCountry "AUT"]
[WhiteTeam "SC Absam"]
[BlackTeam "Goetzis"]

1.e4 e5 2.Nf3 Nf6 3.Nxe5 d6 4.Nf3 Nxe4 5.Bd3 Nc5 6.Be2 Be7 7.O-O d5 8.d4 Ne4
9.c4 c6 10.Qb3 O-O 11.Nc3 dxc4 12.Bxc4 Nd6 13.Bd3 Nd7 14.Qc2 Nf6 15.h3 Be6
16.Ng5 h6 17.Nxe6 fxe6 18.Qe2 Qd7 19.Re1 Kf7 20.g4 Rae8 21.Bf4 Bd8 22.Be5 Kg8
23.f4 Nf7 24.Rad1 Nxe5 25.dxe5 Nd5 26.Bg6 Bb6+ 27.Kh1 Rd8 28.Nxd5 cxd5 29.f5 Qe7
30.Qd3 Kh8 31.Rf1 exf5 32.Rxf5 Rxf5 33.Qxf5 Qh4 34.Kg2 Bc5 35.Rf1 Qe7 36.e6 d4
37.Qe5 Rf8 38.Bf7 b6 39.b4 Bxb4 40.Qxd4 Bd6 41.Rf5 Rd8 42.Rd5 Qb7 43.Qe4

[Event "2. Bundesliga West 2009/20010"]
[Site "Salzburg"]
[Date "2010.03.14"]
[Round "11"]
[Board "1"]
[White "Hommeles, Theo"]
[Black "Bertagnolli, Alexander"]
[Result "1-0"]
[WhiteElo "2412"]
[BlackElo "2332"]
[PlyCount "51"]
[EventDate "2009.10.23"]
[EventType "team"]
[EventRounds "11"]
[EventCountry "AUT"]
[WhiteTeam "Bregenz"]
[BlackTeam "Rochade Rum"]

1.e4 Nc6 2.d4 d5 3.e5 g6 4.c3 f6 5.f4 Nh6 6.Nf3 Bg4 7.h3 Bxf3 8.Qxf3 fxe5 9.fxe5
Bg7 10.g4 Rf8 11.Qg3 e6 12.Bb5 Nf7 13.O-O Ng5 14.Rxf8+ Bxf8 15.Nd2 a6 16.Bd3 Qd7
17.Nb3 Nf7 18.Qh4 Nfxe5 19.dxe5 Nxe5 20.Be2 Bd6 21.Be3 Qa4 22.Bd4 Nd7 23.Qxh7
O-O-O 24.Qxg6 e5 25.Be3 b6 26.Qd3

[Event "2. Bundesliga West 2009/20010"]
[Site "Salzburg"]
[Date "2010.03.14"]
[Round "11"]
[Board "2"]
[White "Gatterer, Florian"]
[Black "Herbrechtsmeier, Christof"]
[Result "1/2-1/2"]
[WhiteElo "2323"]
[BlackElo "2268"]
[PlyCount "65"]
[EventDate "2009.10.23"]
[EventType "team"]
[EventRounds "11"]
[EventCountry "AUT"]
[WhiteTeam "Rochade Rum"]
[BlackTeam "Bregenz"]

1.d4 g6 2.e4 Bg7 3.Nc3 d5 4.exd5 Nf6 5.Bc4 Nbd7 6.Bg5 a5 7.a4 O-O 8.Bb3 Nb6
9.Bxf6 Bxf6 10.Nge2 c6 11.Ne4 Nxd5 12.Bxd5 Qxd5 13.Nxf6+ exf6 14.O-O Re8 15.c3
Be6 16.Re1 Qb3 17.Qd2 Bc4 18.Ra3 Qb6 19.b3 Bxe2 20.Rxe2 c5 21.Rxe8+ Rxe8 22.dxc5
Qxc5 23.Ra1 Qb6 24.Qc2 Qe6 25.h3 Qe2 26.Qxe2 Rxe2 27.Rb1 Rc2 28.b4 b6 29.bxa5
bxa5 30.Rb5 Rxc3 31.Rxa5 Ra3 32.Ra7 f5 33.Ra6

[Event "2. Bundesliga West 2009/20010"]
[Site "Salzburg"]
[Date "2010.03.14"]
[Round "11"]
[Board "3"]
[White "Poettinger, Harald"]
[Black "Hengl, Christian"]
[Result "1/2-1/2"]
[WhiteElo "2196"]
[BlackElo "2225"]
[PlyCount "66"]
[EventDate "2009.10.23"]
[EventType "team"]
[EventRounds "11"]
[EventCountry "AUT"]
[WhiteTeam "Bregenz"]
[BlackTeam "Rochade Rum"]

1.c4 e5 2.g3 Nc6 3.Bg2 g6 4.Nc3 Bg7 5.e4 d6 6.Nge2 f5 7.d3 Nf6 8.O-O O-O 9.h3
Be6 10.Nd5 Qd7 11.Kh2 Nd8 12.exf5 gxf5 13.d4 c6 14.Nxf6+ Bxf6 15.d5 cxd5 16.Bxd5
Bxd5 17.Qxd5+ Qe6 18.Rd1 Qxd5 19.Rxd5 Nf7 20.b3 Rfd8 21.Bb2 Kf8 22.f4 Ke7 23.Rf1
Ke6 24.Re1 e4 25.Bxf6 Kxf6 26.Nd4 Nh6 27.Nb5 Nf7 28.Red1 h5 29.Nd4 Nh6 30.Nb5
Nf7 31.Nd4 Nh6 32.Nc2 Ke6 33.Nd4+ Kf6

[Event "2. Bundesliga West 2009/20010"]
[Site "Salzburg"]
[Date "2010.03.14"]
[Round "11"]
[Board "4"]
[White "Jedinger, Andreas"]
[Black "Bezler, Rainer"]
[Result "0-1"]
[WhiteElo "2170"]
[BlackElo "2292"]
[PlyCount "84"]
[EventDate "2009.10.23"]
[EventType "team"]
[EventRounds "11"]
[EventCountry "AUT"]
[WhiteTeam "Rochade Rum"]
[BlackTeam "Bregenz"]

1.e4 e5 2.Nf3 Nc6 3.Bb5 a6 4.Ba4 Nf6 5.O-O b5 6.Bb3 Be7 7.Re1 d6 8.c3 O-O 9.h3
Nd7 10.d4 Nb6 11.Nbd2 exd4 12.cxd4 Na5 13.Bc2 c5 14.Nf1 Nc6 15.Ng3 Re8 16.b3 a5
17.Bd3 Ba6 18.Bb2 c4 19.Bf1 d5 20.e5 a4 21.Nh2 Bc8 22.f4 axb3 23.axb3 Rxa1
24.Qxa1 Bb4 25.Re3 Bd2 26.Rf3 f5 27.Qd1 Bb4 28.Nh5 Ne7 29.g4 Ng6 30.Rg3 Rf8
31.Bc1 Be6 32.Nf3 Be7 33.Qc2 Qa8 34.Rg2 Qa1 35.Be3 b4 36.Bd2 Qa3 37.Bc1 Qxb3
38.Qxb3 cxb3 39.Nd2 fxg4 40.hxg4 Nxf4 41.Nxf4 Rxf4 42.Nxb3 Rxg4

[Event "2. Bundesliga West 2009/20010"]
[Site "Salzburg"]
[Date "2010.03.14"]
[Round "11"]
[Board "5"]
[White "Mira, Helene"]
[Black "Muehlbacher, Bernhard"]
[Result "1/2-1/2"]
[WhiteElo "2108"]
[BlackElo "2156"]
[PlyCount "66"]
[EventDate "2009.10.23"]
[EventType "team"]
[EventRounds "11"]
[EventCountry "AUT"]
[WhiteTeam "Bregenz"]
[BlackTeam "Rochade Rum"]

1.Nf3 c5 2.c4 Nf6 3.Nc3 d6 4.d4 cxd4 5.Nxd4 a6 6.e4 e6 7.Be2 b6 8.O-O Bb7 9.f3
Be7 10.Be3 O-O 11.Qd2 Nbd7 12.Rfd1 Qc7 13.Rac1 Rac8 14.Kh1 Rfd8 15.Qe1 Re8
16.Qf2 Qb8 17.Bf1 Bd8 18.b3 Ba8 19.Qd2 Bc7 20.Bg1 Red8 21.Qe1 Re8 22.Qh4 Ne5
23.Qf2 Ned7 24.Rc2 h5 25.Qd2 Nf8 26.Bf2 Ng6 27.a4 Red8 28.Qe1 Re8 29.Qd2 Rcd8
30.Qc1 Rc8 31.Qd2 Rcd8 32.Qc1 h4 33.Be3 Bb7

[Event "2. Bundesliga West 2009/20010"]
[Site "Salzburg"]
[Date "2010.03.14"]
[Round "11"]
[Board "6"]
[White "BABINETZ, RAINER"]
[Black "Froewis, Annika"]
[Result "0-1"]
[WhiteElo "2087"]
[BlackElo "1933"]
[PlyCount "70"]
[EventDate "2009.10.23"]
[EventType "team"]
[EventRounds "11"]
[EventCountry "AUT"]
[WhiteTeam "Rochade Rum"]
[BlackTeam "Bregenz"]

1.e4 e5 2.Nf3 Nc6 3.d3 Bc5 4.g3 Nf6 5.Bg2 d6 6.Nbd2 h6 7.O-O O-O 8.c3 a6 9.h3
Ba7 10.Re1 Be6 11.Re2 Qd7 12.Kh2 Rae8 13.Qc2 Kh8 14.b3 Nh7 15.Bb2 f5 16.exf5
Bxf5 17.Nh4 Ng5 18.Nxf5 Qxf5 19.h4 Ne6 20.Rf1 Qh5 21.Nc4 g5 22.Bh3 gxh4 23.g4
Qg6 24.Ne3 Nf4 25.d4 Qg5 26.Rd2 exd4 27.cxd4 Nxh3 28.d5+ Ne5 29.Nf5 Nf4 30.f3
Bb6 31.b4 Kg8 32.a4 a5 33.Qc3 axb4 34.Qb3 Rxf5 35.gxf5 Qg3+

[Event "2. Bundesliga West 2009/20010"]
[Site "Salzburg"]
[Date "2010.03.14"]
[Round "11"]
[Board "1"]
[White "Westermeier, Arnulf"]
[Black "Sergeev, Vladimir"]
[Result "1/2-1/2"]
[WhiteElo "2277"]
[BlackElo "2447"]
[PlyCount "130"]
[EventDate "2009.10.23"]
[EventType "team"]
[EventRounds "11"]
[EventCountry "AUT"]
[WhiteTeam "ASK Salzburg"]
[BlackTeam "Dornbirn"]

1.e4 c5 2.Nf3 a6 3.Nc3 e6 4.d4 cxd4 5.Nxd4 Qc7 6.Bd3 Nf6 7.Qe2 Nc6 8.Nb3 b5
9.O-O Be7 10.f4 d6 11.Bd2 O-O 12.Kh1 b4 13.Nd1 e5 14.Ne3 exf4 15.Rxf4 a5 16.Raf1
Be6 17.c3 bxc3 18.Bxc3 a4 19.Nd4 Nxd4 20.Bxd4 Nd7 21.Nd5 Bxd5 22.exd5 Ne5 23.Bb1
g6 24.a3 Bg5 25.R4f2 Rfe8 26.Qd1 f5 27.Rc2 Qd7 28.Ba2 Re7 29.Re1 Bf6 30.Rce2 Kg7
31.Qd2 Ree8 32.Bc3 h5 33.Qf4 Kh7 34.Qd2 Bh4 35.Rc1 Ng4 36.Rf1 Rxe2 37.Qxe2 Re8
38.Qf3 Bf6 39.Bxf6 Nxf6 40.Qf4 Re4 41.Qc1 Qe7 42.b4 axb3 43.Bxb3 Ng4 44.h3 Ne3
45.Rg1 f4 46.Bd1 Nf5 47.Bf3 Re3 48.a4 Nh4 49.Qc2 Kh6 50.a5 Ra3 51.a6 Nf5 52.Qc8
Qf6 53.Kh2 Nd4 54.Rf1 Ra2 55.Qc4 Ra3 56.Qc8 Ra2 57.Qc4 Ra5 58.Kh1 Qe5 59.Qc8 Ra3
60.Qf8+ Kg5 61.Qd8+ Kh6 62.Qf8+ Kg5 63.Qd8+ Kh6 64.Qf8+ Kg5 65.Qd8+ Kh6